al-Islām wa-al-ḥaḍārah /

محفوظ في:

المؤلف الرئيسي: Ahmad, Muhammad Khalaf Allah

التنسيق: كتاب

اللغة: Arabic

منشور في: al-Qāhirah : Wizārat al-Irshād al-Qawmī, [19--].

الموضوعات:

الوسوم: إضافة وسم

لا توجد وسوم, كن أول من يضع وسما على هذه التسجيلة!

رقم الطلب: DS36.85 .A46

LEADER 00496nam a22001577a 4500
005 20251215135400.0
008 251215q19-- ua 000 0 ara d
040 |c ARCE Library 
050 1 4 |a DS36.85  |b .A46 
100 1 |a Ahmad, Muhammad Khalaf Allah 
245 1 3 |a al-Islām wa-al-ḥaḍārah /   |c Muḥammad Khalaf Allāh Aḥmad. 
260 |a al-Qāhirah :   |b Wizārat al-Irshād al-Qawmī,   |c [19--]. 
300 |a 149 pages ;   |c 19 cm. 
650 0 |a Islamic civilization. 
942 |2 lcc  |c BK 
999 |c 49616  |d 49616